000 00245nam a22001097a 4500
008 180806b xxu||||| |||| 00| 0 eng d
082 _a813.52
245 _aFundamentals 2.0
_cBerlitz
260 _c2006-2009
300 _a1
_fCD
942 _2ddc
_cMX
999 _c46846
_d46846